01675nam a22002417a 4500003000400000005001700004008004100021020001800062020001500080040002300095082002200118100002700140245010000167260006000267300005200327504006400379505086300443650003201306650002501338650003401363650001901397650001701416OSt20240530110418.0150309s2007 ua beoaf b 001 0 eng d a9789774160776 a9774160770 aEG-CaGPLcEG-CaGPL04221a726.2bCC/D C0 aDoris Behrens-Abouseif10aCairo of the Mamluks :bA history of the architecture and its culture /cDoris Behrens-Abouseif aCairo :bThe American University in Cairo Press,c.2007 axix, 359 p. :bill. (some col.), maps ;c30 cm. aIncludes bibliographical references (p. 337-345) and index.0 aThe Mamluk Sultanate (1250-1517) -- Pious patronage -- Motivation and perception of monumental patronage -- The patronage of the civilian elite -- Ceremonial culture -- Treasures, status and style -- Construction : organization and cost -- The growth of the Metropolis -- The Metropolitan architectural style -- The evolution of Mamluk architecture in Cairo -- The successors of the Ayyubids -- The reign of al-Zahir Baybars -- From al-Mansur Qalawun to al-Nasir Muhammad -- The early period of al-Nasir Muhammad's reign -- Al-Nasir Muhammad's Third Reign and after -- The reign of al-Nasir Hasan and after -- The reign of al-Nasir Faraj Ibn Barquq -- The reign of al-Mu'ayyad Shaykh -- The reign of al-Ashraf Barsbay -- The reign of al-Zahir Jaqmaq -- The reign of al-Ashraf Inal -- The reign of al-Ashraf Qaytbay -- The reign of al-Ashraf Qansuh al-Ghawri. 0aIslamic architecturezEgypt 0aIslamic architecture 0aArchitecture, MamelukezEgypt 0aMosqueszEgypt 0aTombszEgypt